| 000 | 00435nam a2200181Ia 4500 | ||
|---|---|---|---|
| 001 | 8138 | ||
| 005 | 20260306160547.0 | ||
| 008 | 260306t2002||||xx |||||||||||||| ||spa|| | ||
| 041 | _aESP | ||
| 082 |
_a370.114 _bH47 |
||
| 100 |
_aHersh, Richard H. _eAUT |
||
| 245 | 0 | _aEl crecimiento moral de Piaget a Kohlberg | |
| 260 | _c2002 | ||
| 300 |
_a192 páginas : _c24 cm. |
||
| 650 | _aGEN | ||
| 654 | _aCED | ||
| 942 |
_cLIB _dJUS _fJUS _2ddc _n |
||
| 999 |
_c8138 _d8138 |
||